Quiz da Suíça - Statistics

Estatísticas Gerais
  • Esse quiz foi jogado 2 408 vezes
  • A pontuação média é 9 de 21
Estatísticas das Respostas
Dica Resposta % Correto
Línguas oficiais Francês
95%
Línguas oficiais Alemão
93%
Capital Berna
90%
Línguas oficiais Italiano
82%
Maior cidade Zurique
80%
Moeda oficial Franco
62%
Maiores produtoras de relógios Rolex
57%
Relógio com um pássaro dentro Relógio {Cuco}
51%
Jogador de tênis mais famoso Roger Federer
51%
Maior lago Lago Lemano
41%
Línguas oficiais Romanche
36%
Maiores produtoras de comida Nestlé
28%
Filósofo que influenciou a Revolução Francesa Jean-Jacques Rousseau
23%
Rio mais longo Reno
21%
Capital olímpica Lausana
17%
Maiores bancos Credit Suisse
14%
Montanha famosa próxima de Zermatt Matterhorn
13%
Maiores produtoras de relógios Omega
10%
Maiores bancos UBS
10%
Mulher fictícia que personifica a Suíça Helvécia
7%
Cidade-sede olímpica São Moritz
7%
Nenhum quiz correspondente encontrado
Distribuição das Pontuações
Porcentagem de Pessoas com Cada Pontuação
Percentil de Números Respondidos
Sua Pontuação Histórica
Você não jogou esse quiz